LEADER 01424nam a2200349 u 4500 001 000000071295 003 CaOOAMICUS 005 20070226122121.0 008 020523s1968 gw u000 u ger u 035 $a10930870 040 $aPUL(R)$bita 100 1 $aBoros, Ladislaus,$d1927-$0(OLS)http://pul/name/15765 245 10$aAus der Hoffnung leben :$bZukunftserwartung in christlichem Dasein /$cLadislaus Boros. 260 $aFreiburg i. B. :$bWalter-Verlag,$cc1968. 300 $a121 p. ;$c23 cm 490 1 $aTheologia publica ;$v10 504 $aBibliografia in nota. 650 4$aSperanza.$0(OLS)http://pul/subject/669 650 4$aTeologia pastorale.$0(OLS)http://pul/subject/1301 650 4$aUomo (teologia).$0(OLS)http://pul/subject/1029 830 0$aTheologia publica ;$v10.$0(OLS)http://pul/title/76448 850 $aPUL 852 $aPUL$W1$xSL Religione 1$y3$m67 A 24$j92228$nBK-PRI$b $qStampati$B92228$CPULBib$Z2$F92228 $H $81 941 1 $a8 960 $aPastorale$91301 960 $aUmanesimo cristiano$91029 960 $aUmanesimo cristiano$91029 960 $aAntropologia teologica$91029 960 $aAntropologia teologica$91029 961 $aINV: 31536 996 $6245$aAus der Hoffnung leben :$bZukunftserwartung in christlichem Dasein$9(OLS)http://pul/title/93880 996 $6260$aFreiburg i. B. :$bWalter-Verlag$9(OLS)http://pul/publisher/73481 LEADER 01200nam a2200289 a 4500 001 000000155539 003 CaOOAMICUS 005 20161026163946.0 008 161026s1994 it u000 u ita r 020 $a88-243-1111-3 032 $aLibriCat 040 $aPUL$bita 100 1 $aCaprioli, Francesco.$0(OLS)http://pul/name/83705 245 12$aL'archiviazione / $cFrancesco Caprioli . 260 $aNapoli :$bJovene,$c1994. 300 $aX, 604 p. ;$c25 cm. 490 1 $aUniversità di Torino. Memorie dell'Istituto giuridico. Serie IV ;$v10 504 $aContiene riferimenti bibliografici. 650 4$aDiritto penale$zItalia.$0(OLS)http://pul/subject/10217 830 0$aMemorie dell'Istituto giuridico (Università di Torino).$nSerie IV ;$v10.$0(OLS)http://pul/title/195194 850 $aPUL 852 $aPUL$W1$xDP1 Cons. Gen., Altre Classi 1$y22$m1039 F 4.10$j178692$qStampati$B181858$CPULBib$Z2$F181858 $H73680 $81 941 1 $a8 996 $6020$a88-243-1111-3$9(OLS)http://pul/number/161439 996 $6245$aL'archiviazione / $9(OLS)http://pul/title/195204 996 $6260$aNapoli :$bJovene$9(OLS)http://pul/publisher/47845